Normal view
MARC view
- Brian Robert Schmaefsky
Entry Personal Name
001 - CONTROL NUMBER
- control field: 12328
003 - CONTROL NUMBER IDENTIFIER
- control field: NUST
005 - DATE AND TIME OF LATEST TRANSACTION
- control field: 20180917050023.0
008 - FIXED-LENGTH DATA ELEMENTS
- fixed length control field: 180917|| aca||aabn | a|a d
040 ## - CATALOGING SOURCE
- Original cataloging agency: NUST
- Transcribing agency: NUST
100 ## - HEADING--PERSONAL NAME
- Personal name: Brian Robert Schmaefsky
670 ## - SOURCE DATA FOUND
- Source citation: Work cat.: (NUST)480384: Brian Robert Schmaefsky, biotechnology 101, 2006.
